000 02198nam0a2200385 4500
001 RU\NLR\bibl\1674826
005 20260408063249.0
010 _a978-5-9616-0278-4
_9200
021 _aRU
_b2010-57667
_93777
035 _a(nilc)RSL-KNO-004712024
035 _a(NLR Aleph) 001666069
090 _a1011852
_c1011852
100 _a20100726d2009 |||y0rusy50 ca
101 0 _arus
102 _aRU
105 _aa zzzz|||||
200 1 _aБерезин Борис Дмитриевич
_eбиблиографический указатель
_fФедеральное агентство по образованию, Гос. образовательное учреждение высш. проф. образования Ивановский гос. химико-технологический ун-т
_g[сост.: Т.М. Морозова и др.]
210 _aИваново
_cИвановский государственный химико-технологический университет
_d2009
215 _a183 с.
_cил.
_d21
225 1 _aСерия "Ученые университета"
320 _aИмен. указ. соавт.: с. 177-182
600 1 _aБерезин
_bБ.Д.
_f1929
_gБорис Дмитриевич
_jБиобиблиография
_92551058
_3RU\NLR\auth\661509546
610 0 _aХимические науки -- Березин Борис Дмитриевич (р.1929) - химик -- Библиографический указатель
686 _aГ.д(2)Березин Б.Д.я1
_2rubbk
686 _aГ.д(2)Березин
702 1 _4570
_8rus
_7ca
_aБерезин
_bБ. Д.
_f1929-
_gБорис Дмитриевич
_3RU\NLR\auth\7794976
_977902
702 1 _4220
_8rus
_7ca
_aМорозова
_bТ. М.
_cбиблиограф
_gТатьяна Михайловна
_3RU\NLR\auth\7794977
_977903
712 0 2 _4570
_aИвановский государственный химико-технологический университет
_3RU\NLR\AUTH\8810033639
_9565756
801 0 _aRU
_bРГБ
_c20100726
_grcr
801 1 _aRU
_bРГБ
_c20100726
801 2 _aRU
_bNLR
_c20100915
_grcr
942 _cBOOK
980 _aNB
980 _aNBR